| 000 | 00388nam a2200157Ia 4500 | ||
|---|---|---|---|
| 008 | 210716s2000 xx 000 0 und d | ||
| 020 | _a8176354937 | ||
| 041 | _aeng | ||
| 082 | _a004.65 FORB | ||
| 100 | _aForta, Ben. | ||
| 245 | _aWap development with wml and wml script. | ||
| 250 | _a1 | ||
| 260 |
_aNew Delhi _bTechmedia _c2000 |
||
| 300 | _axv,585 | ||
| 650 | _aComputer Networks | ||
| 999 |
_c184013 _d184013 |
||